000 00231 a2200097 4500
001 55247
100 _a
245 _aArmed forces of Pakistan
260 _aKarachi
_bOxford University Press n :25317
_c2002
090 _c34209
_d34209
942 _aNUST-CAE
_c
_c26902
999 _c290320
_d290320